| 000 | 01207nam0a22002651 4500 | ||
|---|---|---|---|
| 001 | rc\436500 | ||
| 005 | 20030616171007.0 | ||
| 035 | _a(NLR Aleph) 005682946 | ||
| 090 |
_a7094172 _c7094172 |
||
| 100 | _a20030616d1988 u |0rusy50 ca | ||
| 101 | 0 | _arus | |
| 102 | _aRU | ||
| 105 | _aa ||||||||| | ||
| 200 | 1 |
_aОборудование систем СЭУ _eУчеб. пособие [для студентов спец. 0525 (14.02) и 0521, 0523 (14.04)] _fН.Г. Лебедь, С.В. Шаповалов, О.А. Ожиганов _gГос. ком. СССР по нар. образованию, Николаев. кораблестроит. ин-т им. адм. С.О. Макарова. [Каф. судовых энерг. установок] |
|
| 210 |
_aНиколаев _cНКИ _d1988 |
||
| 215 |
_a39 с. _cил. _d20 |
||
| 320 | _aБиблиогр.: с. 38 | ||
| 700 | 1 |
_aЛебедь _bН. Г. _gНиколай Григорьевич |
|
| 701 | 1 |
_aШаповалов _bС. В. _gСергей Владимирович |
|
| 701 | 1 |
_aОжиганов _bО. А. _gОлег Андреевич |
|
| 801 | 0 |
_aRU _bNLR _gpsbo |
|
| 801 | 1 |
_aRU _bELAR _2rusmarc |
|
| 852 |
_aNLR _j89-4/5189 |
||
| 942 | _cBOOK | ||
| 980 | _aNB | ||